000 02566cam a22002174a 4500
005 20250605164407.0
008 250528s ||||||||||||||||||||||||d
035 _a24866
040 _aGR-AtMCL
_bgre
_dGR-AtMCL
_eAACR2
245 1 _aTransforming Environments and Rehabilitation / A Guide for Practitioners in Forensic Settings and Criminal Justice
250 _a1st
260 _bRoutledge - Taylor & Francis Group,
_c2018
300 _a396
520 _aThis is a text that practitioners, commissioners and those involved in forensic services should pay attention to. Acknowledgements, Introduction, Steps to an Ecology of Human Functioning for Forensic Psychology, The Social Context of transition and Rehabilitation, Only Connect: Implications of Social Processes and Contexts for Understanding Trauma, Trauma-Informed Care and Good Lives in confinement: Acknowledging and Offsetting Adverse Impacts of Chronic Trauma and Loss of Liberty, A Campaign for Climate Change: The Role of Therapeutic Relationships within a Climate of Control, The Importance of Personal Safety to Therapeutic Outcome in the Prison Setting, Rehabilitating Offenders: The Enabling Environment of Forensic Therapeutic Communities, Creating a Therapeutic Community from Scratch: Where Do We Start?, Psychologically Informed Planned Environments: A New Optimism for Criminal Justice Provision?, Democratisation and Disability and Defence Mechanisms: Reality Confrontation in Rampton, Relationships and Social Context and Personal Change: The Role of Therapeutic Communities, Wearing Two Hats: Working Therapeutically as a Discipline Prison Officer, The Enabling Environments Award as a Transformative Process, Creating an Enabling Environment in High Security, Establishing Enabling Environment with Young Adult Males in a Custodial Setting, The Heart and Soul of the Transforming Environment: How a Values-Driven Ethos Sustain a Therapeutic Community for Sexual Offenders, The Role of Environmental Factors in Effective Gender-Responsive Programming for Women in the United States: Current Status and Future Directions, Contextual Influences in Prison-Based Psychological Risk Assessment: Problems and Solutions, The Importance of Organisational Factors in Transferring the Principles of Effective Intervention to Offender Rehabilitation in the Real World, Nidotherapy: A Systematic Environmental Therapy, Index.
700 1 _aAkerman Geraldine
_99606
700 1 _aBainbridge Claire
_99607
700 1 _aNeeds Adrian
_99608
942 _cBK
999 _c9703
_d9703